<?xml version="1.0" encoding="UTF-8"?>
<collection xmlns="http://www.loc.gov/MARC21/slim">
 <record>
  <leader>02761cam a2200589   4500</leader>
  <controlfield tag="001">1612915515</controlfield>
  <controlfield tag="003">DE-627</controlfield>
  <controlfield tag="005">20240322183926.0</controlfield>
  <controlfield tag="007">tu</controlfield>
  <controlfield tag="008">930329s1992    xxk|||||      00| ||eng c</controlfield>
  <datafield tag="016" ind1="7" ind2=" ">
   <subfield code="a">b92V4939</subfield>
   <subfield code="2">UK</subfield>
  </datafield>
  <datafield tag="020" ind1=" " ind2=" ">
   <subfield code="a">0521405130</subfield>
   <subfield code="9">0-521-40513-0</subfield>
  </datafield>
  <datafield tag="035" ind1=" " ind2=" ">
   <subfield code="a">(DE-627)1612915515</subfield>
  </datafield>
  <datafield tag="035" ind1=" " ind2=" ">
   <subfield code="a">(DE-576)032555822</subfield>
  </datafield>
  <datafield tag="035" ind1=" " ind2=" ">
   <subfield code="a">(DE-599)BSZ032555822</subfield>
  </datafield>
  <datafield tag="035" ind1=" " ind2=" ">
   <subfield code="a">(OCoLC)24540830</subfield>
  </datafield>
  <datafield tag="035" ind1=" " ind2=" ">
   <subfield code="a">(OCoLC)24540830</subfield>
  </datafield>
  <datafield tag="035" ind1=" " ind2=" ">
   <subfield code="a">(DE-604)8081832516</subfield>
  </datafield>
  <datafield tag="040" ind1=" " ind2=" ">
   <subfield code="a">DE-627</subfield>
   <subfield code="b">ger</subfield>
   <subfield code="c">DE-627</subfield>
   <subfield code="e">rakwb</subfield>
  </datafield>
  <datafield tag="041" ind1=" " ind2=" ">
   <subfield code="a">eng</subfield>
  </datafield>
  <datafield tag="044" ind1=" " ind2=" ">
   <subfield code="c">XA-GB</subfield>
   <subfield code="c">XD-US</subfield>
  </datafield>
  <datafield tag="050" ind1=" " ind2="0">
   <subfield code="a">NA7756.V417</subfield>
  </datafield>
  <datafield tag="082" ind1="0" ind2=" ">
   <subfield code="a">728.80945</subfield>
  </datafield>
  <datafield tag="082" ind1="0" ind2=" ">
   <subfield code="a">728.8/2/094531</subfield>
  </datafield>
  <datafield tag="084" ind1=" " ind2=" ">
   <subfield code="a">9,10</subfield>
   <subfield code="2">ssgn</subfield>
  </datafield>
  <datafield tag="084" ind1=" " ind2=" ">
   <subfield code="a">LN 75814</subfield>
   <subfield code="2">rvk</subfield>
   <subfield code="0">(DE-625)rvk/102166:13315</subfield>
  </datafield>
  <datafield tag="100" ind1="1" ind2=" ">
   <subfield code="a">Goy, Richard J.</subfield>
   <subfield code="d">1947-</subfield>
   <subfield code="0">(DE-588)120135981</subfield>
   <subfield code="0">(DE-627)080470505</subfield>
   <subfield code="0">(DE-576)164189122</subfield>
   <subfield code="4">aut</subfield>
  </datafield>
  <datafield tag="245" ind1="1" ind2="4">
   <subfield code="a">The house of gold</subfield>
   <subfield code="b">building a palace in medieval Venice</subfield>
   <subfield code="c">Richard J. Goy</subfield>
  </datafield>
  <datafield tag="250" ind1=" " ind2=" ">
   <subfield code="a">1. publ.</subfield>
  </datafield>
  <datafield tag="264" ind1=" " ind2="1">
   <subfield code="a">Cambridge</subfield>
   <subfield code="a">New York, NY</subfield>
   <subfield code="b">Cambridge University Press</subfield>
   <subfield code="c">1992</subfield>
  </datafield>
  <datafield tag="300" ind1=" " ind2=" ">
   <subfield code="a">304, [8] S.</subfield>
   <subfield code="b">zahlr. Ill.</subfield>
  </datafield>
  <datafield tag="336" ind1=" " ind2=" ">
   <subfield code="a">Text</subfield>
   <subfield code="b">txt</subfield>
   <subfield code="2">rdacontent</subfield>
  </datafield>
  <datafield tag="337" ind1=" " ind2=" ">
   <subfield code="a">ohne Hilfsmittel zu benutzen</subfield>
   <subfield code="b">n</subfield>
   <subfield code="2">rdamedia</subfield>
  </datafield>
  <datafield tag="338" ind1=" " ind2=" ">
   <subfield code="a">Band</subfield>
   <subfield code="b">nc</subfield>
   <subfield code="2">rdacarrier</subfield>
  </datafield>
  <datafield tag="500" ind1=" " ind2=" ">
   <subfield code="a">Includes bibliographical references (p. 293-297) and index</subfield>
  </datafield>
  <datafield tag="583" ind1="1" ind2=" ">
   <subfield code="a">Archivierung/Langzeitarchivierung gewährleistet</subfield>
   <subfield code="f">SSG</subfield>
   <subfield code="x">XA-DE-BW</subfield>
   <subfield code="2">pdager</subfield>
   <subfield code="5">DE-16</subfield>
  </datafield>
  <datafield tag="600" ind1="1" ind2="0">
   <subfield code="a">Contarini, Marino</subfield>
   <subfield code="d">approximately 1385-1441</subfield>
   <subfield code="x">Homes and haunts</subfield>
   <subfield code="z">Italy</subfield>
   <subfield code="z">Venice</subfield>
  </datafield>
  <datafield tag="610" ind1="1" ind2="0">
   <subfield code="a">Cà dʼOro (Venice, Italy)</subfield>
  </datafield>
  <datafield tag="650" ind1=" " ind2="0">
   <subfield code="a">Architecture, Gothic</subfield>
   <subfield code="z">Italy</subfield>
   <subfield code="z">Venice</subfield>
  </datafield>
  <datafield tag="650" ind1=" " ind2="0">
   <subfield code="a">Architecture, Medieval</subfield>
   <subfield code="z">Italy</subfield>
   <subfield code="z">Venice</subfield>
  </datafield>
  <datafield tag="650" ind1=" " ind2="4">
   <subfield code="a">Architecture and Town Planning</subfield>
  </datafield>
  <datafield tag="650" ind1=" " ind2="4">
   <subfield code="a">Venedig</subfield>
   <subfield code="x">Cà d'Oro</subfield>
   <subfield code="x">Architektur</subfield>
   <subfield code="x">Geschichte</subfield>
  </datafield>
  <datafield tag="651" ind1=" " ind2="0">
   <subfield code="a">Venice (Italy)</subfield>
   <subfield code="x">Buildings, structures, etc</subfield>
  </datafield>
  <datafield tag="787" ind1="0" ind2="8">
   <subfield code="i">Rezensiert in</subfield>
   <subfield code="a">Strupp, Joachim, 1530 - 1606</subfield>
   <subfield code="t">[Rezension von: Richard J. Goy, The house of gold. Building a palace in medieval Venice]</subfield>
   <subfield code="d">1994</subfield>
   <subfield code="w">(DE-627)1860139426</subfield>
  </datafield>
  <datafield tag="856" ind1="4" ind2="2">
   <subfield code="u">http://www.loc.gov/catdir/enhancements/fy1011/91034435-t.html</subfield>
   <subfield code="x">Verlag</subfield>
   <subfield code="3">Inhaltsverzeichnis</subfield>
  </datafield>
  <datafield tag="856" ind1="4" ind2="2">
   <subfield code="u">http://www.loc.gov/catdir/enhancements/fy1011/91034435-d.html</subfield>
   <subfield code="x">Verlag</subfield>
   <subfield code="3">Verlagsangaben</subfield>
  </datafield>
  <datafield tag="889" ind1=" " ind2=" ">
   <subfield code="w">(DE-627)112360777</subfield>
  </datafield>
  <datafield tag="935" ind1=" " ind2=" ">
   <subfield code="i">mdedup</subfield>
  </datafield>
  <datafield tag="936" ind1="r" ind2="v">
   <subfield code="a">LN 75814</subfield>
   <subfield code="b">Burgen und Schlösser; herrschaftliche Stadthäuser (Residenzen, palazzi, hôtels u. dgl.), Villen in Stadtnähe</subfield>
   <subfield code="k">Kunstgeschichte</subfield>
   <subfield code="k">Kunst nach Ländern bzw. Kontinenten</subfield>
   <subfield code="k">Italien</subfield>
   <subfield code="k">Kunsttopografie Italiens</subfield>
   <subfield code="k">Alphabetische Liste der italienischen Orte</subfield>
   <subfield code="k">Orte V</subfield>
   <subfield code="k">Venedig</subfield>
   <subfield code="k">Burgen und Schlösser; herrschaftliche Stadthäuser (Residenzen, palazzi, hôtels u. dgl.), Villen in Stadtnähe</subfield>
   <subfield code="0">(DE-627)1270893904</subfield>
   <subfield code="0">(DE-625)rvk/102166:13315</subfield>
   <subfield code="0">(DE-576)200893904</subfield>
  </datafield>
  <datafield tag="951" ind1=" " ind2=" ">
   <subfield code="a">BO</subfield>
  </datafield>
  <datafield tag="991" ind1=" " ind2=" ">
   <subfield code="a">Rezensiertes Werk</subfield>
  </datafield>
  <datafield tag="999" ind1=" " ind2=" ">
   <subfield code="a">KXP-PPN1612915515</subfield>
   <subfield code="e">4462885740</subfield>
  </datafield>
 </record>
</collection>
